Statistics for 1932 Summer Olympics medal table

Click here to take the quiz!

General Stats

  • This quiz has been taken 37 times
  • The average score is 22 of 27

Answer Stats

RankGoldSilverBronzeTotalAnswer% Correct
1225815Canada
100%
1413230103United States
100%
103115Australia
97%
3105419France
97%
9312520Germany
97%
847516Great Britain
97%
495923Sweden
97%
181135Austria
92%
577418Japan
92%
260011Spain
92%
212121236Italy
89%
210202Mexico
89%
7581225Finland
86%
132507Netherlands
86%
220101Switzerland
86%
220101New Zealand
84%
171214Czechoslovakia
81%
200336Denmark
81%
664515Hungary
81%
142147Poland
81%
113104Argentina
76%
191001India
68%
162002Ireland
68%
152035South Africa
65%
220101Latvia
35%
260011Uruguay
30%
250033Philippines
11%

Score Distribution

Percentile by Number Answered

Percent of People with Each Score

Your Score History

You have not taken this quiz